¿Cuándo viene papá? /

Papá oso ha salido a cazar frutillas salvajes, como todas las primaveras. Su hijito Osvaldo lo extraña mucho. ¿Cuándo volverá su papá?

Guardado en:
Autor Principal: Keselman, Gabriela
Otros Autores: Rosemffet, Gustavo Ariel; il.
Formato: Libro
Publicado: Buenos Aires : Edebé, 2013
Series:Flecos de sol
Materias:
Etiquetas: Agregar Etiqueta
Sin Etiquetas, Sea el primero en etiquetar este registro!
LEADER 01065nam a22002655a 4500
001 CEM.cems015374
008 130507s2013##################000#0#####d
005 20231213140535.0
245 1 0 |a ¿Cuándo viene papá? /  |c Gabriela Keselman ; ilustrado Por Gustavo Ariel Rosemffet. 
260 |a Buenos Aires :  |b Edebé,  |c 2013 
300 |a 32 p. 
490 0 |a Flecos de sol 
520 |a Papá oso ha salido a cazar frutillas salvajes, como todas las primaveras. Su hijito Osvaldo lo extraña mucho. ¿Cuándo volverá su papá? 
020 |a 9789876890311 
100 1 |a Keselman, Gabriela 
700 1 |a Rosemffet, Gustavo Ariel; il. 
082 0 4 |a A868.4 
653 |a Literatura 
653 |a Literatura argentina 
653 |a Literatura infantil 
653 |a Cuentos infantiles 
653 |a Colección ciencias de la educación 
859 |a CEMS  |b BIB. CEMS - Inicial y Primaria  |h A868.4  |i K48-1  |k IP  |p 3913  |t Ej.1 
859 |a CEMS  |b BIB. CEMS - Ccias. Educacion  |h A868.4  |i K48  |k CE  |p 28723.19  |t Ej.1 
859 |a CEMS  |b BIB. CEMS - Ccias. Educacion  |h A868.4  |i K48  |k CE  |p 28953.19  |t Ej.2